| 000 | 00000nam##2200000za#4500 |
| 001 | 9.597903 |
| 003 | CaOODSP |
| 005 | 20210624204256 |
| 007 | cr ||||||||||| |
| 008 | 150406|2005||||xxc|||||o f|0| 0 fre|d |
| 040 | |aCaOODSP|bfre |
| 043 | |an-cn--- |
| 086 | 1 |aTU3-5/05-6F-PDF |
| 110 | 2 |aBureau de la sécurité des transports du Canada. |
| 245 | 10|aEnfoncement avec moteur et basculement du Bell 212 (hélicoptère) C-GEEC exploité par Tasman Helicopters Ltd. au glacier Spearhead (Colombie-Britannique), le 11 février 2005 |h[ressource électronique] |
| 260 | |aGatineau - Québec : |bBureau de la sécurité des transports du Canada |c[2005]. |
| 300 | |a6p.|bill., photographies |
| 490 | 1 |aRapport d'enquête aéronautique |vA05P0032 |
| 590 | |a10-05-Supp|b2010-07-20 |
| 691 | 07|aAccident d'avion|2gcpds |
| 775 | 08|tSettling with power - roll-over - Tasman Helicopters Ltd. Bell 212 (Helicopter) C-GEEC, Spearhead Glacier, British Columbia, 11 February 2005 |w(CaOODSP)9.566409 |
| 830 | #0|aRapport d'enquête aéronautique ;|vA05P0032|w(CaOODSP)9.501229 |
| 856 | 40|ahttp://publications.gc.ca|qPDF|s341 Ko|uhttps://publications.gc.ca/collections/collection_2009/bst-tsb/TU3-5-05-6F.pdf|yA05P0032 |